Elementos de criminología

Saved in:
Bibliographic Details
Main Author: Rivacoba y Rivacoba, Manuel de (Author)
Format: Book
Language:Spanish
Published: Valparaíso EDEVAL 1982
Series:Colección Elementos
Subjects:
Tags: Add Tag
No Tags, Be the first to tag this record!

MARC

LEADER 00000nam a2200000 a 4500
001 UCY7368
003 CL-VaPUC
008 950614e19820000CL |||||||||||||||||spa|d
082 0 4 |a 364  |b RIV  |2 21 
100 0 |a Rivacoba y Rivacoba, Manuel de  |e author  |9 337859 
245 1 0 |a Elementos de criminología 
300 |a 290 p 
942 |c BK 
945 |d 19950614 00:00:00  |a aalvarez 
260 |a Valparaíso  |b EDEVAL  |c 1982 
650 0 |a Criminología  |9 256168 
650 0 |a Antropología criminal   |9 337860 
650 7 |a PSIQUIATRIA CRIMINAL  |2 CL-VaPUC  |9 337861 
583 |a last modification  |c 19950614 00:00:00  |k Rodrigo Vera 
490 0 |a Colección Elementos 
999 |c 234769  |d 234767 
952 |0 0  |1 0  |4 0  |6 364_000000000000000_RIV_1982  |7 0  |8 A  |9 241454  |a BIBDER  |b BIBDER  |d 2019-11-18  |i 2007177  |o 364 RIV 1982  |p 2007177  |r 2023-01-25  |w 2019-11-18  |y BK  |k DER